Greater expectations (Record no. 76403)
[ view plain ]
| 000 -LEADER | |
|---|---|
| fixed length control field | 00609cab a2200181 4500 |
| 001 - CONTROL NUMBER | |
| control field | ##L132337 |
| 008 - FIXED-LENGTH DATA ELEMENTS--GENERAL INFORMATION | |
| fixed length control field | 060130n2006 000 0 eng u |
| 035 ## - SYSTEM CONTROL NUMBER | |
| System control number | (Sirsi) u132337 |
| 041 0# - LANGUAGE CODE | |
| Language code of text/sound track or separate title | eng |
| 100 1# - MAIN ENTRY--PERSONAL NAME | |
| Personal name | Spring, Martin |
| 245 00 - TITLE STATEMENT | |
| Title | Greater expectations |
| 260 ## - PUBLICATION, DISTRIBUTION, ETC. | |
| Date of publication, distribution, etc. | 2006 |
| 490 #0 - SERIES STATEMENT | |
| Series statement | Building |
| Volume/sequential designation | 271(8415) 27 January 2006, 52-53(2) |
| 520 ## - SUMMARY, ETC. | |
| Summary, etc. | Reports on the current construction boom in Greater Manchester. Lists the 24 most significant projects, giving details of developers, architects and contractors. |
| 590 ## - LOCAL NOTE (RLIN) | |
| Local note | IKA310106 |
| 690 ## - LOCAL SUBJECT ADDED ENTRY--TOPICAL TERM (OCLC, RLIN) | |
| Topical term or geographic name as entry element | BUILT ENVIRONMENT-CONSTRUCTION MARKET |
| 942 ## - ADDED ENTRY ELEMENTS (KOHA) | |
| Suppress in OPAC | 0 |
| Withdrawn status | Lost status | Source of classification or shelving scheme | Damaged status | Not for loan | Home library | Current library | Shelving location | Date acquired | Total Checkouts | Full call number | Barcode | Date last seen | Copy number | Price effective from | Koha item type |
|---|---|---|---|---|---|---|---|---|---|---|---|---|---|---|---|
| Dewey Decimal Classification | London | London | Journal article | 30/01/2006 | L132337 | 132337-1001 | 06/08/2019 | 1 | 06/08/2019 | Journal article |